| 000 | 00769nam a22002417a 4500 | ||
|---|---|---|---|
| 005 | 20230620102756.0 | ||
| 008 | 230620b |||||||| |||| 00| 0 eng d | ||
| 040 | _cNIRUC | ||
| 050 |
_aP95.82.U6 _b.H47 1994 |
||
| 100 | _aHerman, E. S | ||
| 245 |
_aManufacturing consent : _bthe political economy of the mass media / _cE. S. Herman & N. Chomsky |
||
| 260 |
_aLondon : _bVintage, _c1994. |
||
| 300 |
_axvi, 307p. : _bill ; _c20cm _eIncludes Indexes, Bibliographies and Notes |
||
| 650 | _2United States | ||
| 650 | _2World politics | ||
| 650 |
_2Mass media _aPolitical aspects |
||
| 650 |
_2Mass media _vObjectivity |
||
| 650 | _2Mass media and propaganda | ||
| 650 | _2Public opinion | ||
| 650 |
_2Mass media _vOwnership |
||
| 650 | _2Mass media | ||
| 942 |
_2lcc _cBK _n0 |
||
| 999 |
_c56 _d56 |
||